Nagoya mathematical journal.
Issue for Mar. 1970 dedicated to Professor Katuzi Ono on his 60th birthday with portrait, sketch of his life, and list of mathematical papers.
Guardat en:
| Autor corporatiu: | |
|---|---|
| Format: | Revista |
| Idioma: | English French German |
| Publicat: |
[Nagoya] :
Mathematical Institute, Faculty of Science, Nagoya University,
1950-.
|
| Matèries: |
| LEADER | 02645cas a2200517 a 4500 | ||
|---|---|---|---|
| 001 | c000186584 | ||
| 003 | CARM | ||
| 005 | 20051021120126.0 | ||
| 008 | 751101c19509999ja qrzp 0 0eng | ||
| 010 | |a 54038376 | ||
| 019 | 1 | |a 891802 |5 LACONCORD2021 | |
| 022 | |a 0027-7630 | ||
| 030 | |a NGMJA2 | ||
| 035 | |a (OCoLC)1758975 |5 LACONCORD2021 | ||
| 040 | |a DLC |b eng |c MnMULS |d OClW |d OCoLC |d NIC |d N |d MH |d DLC |d AIP |d InU |d ICRL |d InU |d WaU |d LC | ||
| 041 | 0 | |a eng |a fre |a ger | |
| 042 | |a lc | ||
| 050 | 0 | 0 | |a QA1 |b .N2423 |
| 082 | 0 | 4 | |a 510/.5 |
| 082 | 0 | 4 | |a 510/.5 |2 19 |
| 210 | 0 | |a Nagoya math. j | |
| 222 | 0 | |a Nagoya mathematical journal | |
| 245 | 0 | 0 | |a Nagoya mathematical journal. |
| 260 | |a [Nagoya] : |b Mathematical Institute, Faculty of Science, Nagoya University, |c 1950-. | ||
| 300 | |a v. : |b ill. ; |c 26 cm. | ||
| 310 | |a Quarterly | ||
| 362 | 0 | |a Vol. 1 (June 1950)- | |
| 510 | 1 | |a Mathematical reviews |x 0025-5629 | |
| 520 | |a Issue for Mar. 1970 dedicated to Professor Katuzi Ono on his 60th birthday with portrait, sketch of his life, and list of mathematical papers. | ||
| 546 | |a Text in English, French, and German. | ||
| 555 | |a Vols. 1 (1950)-16 (1960), with v. 16; v. 1 (1950)-40 (1970). 1 v.; v. 101 (1986)-110 (1988). 1 v.; v. 101 (1986)-150(1998). 1 v.; v. 151 (1998)-160 (2000). 1 v. | ||
| 650 | 0 | |a Mathematics |v Periodicals. | |
| 710 | 2 | |a Nagoya Daigaku. |b Sūgaku Kyōshitsu. | |
| 852 | 8 | |b CARM |h A2:AQ01D0 |i C07592 |p 0260696 |f SE | |
| 852 | 8 | |b CARM |h A2:AP19F0 |i C07656 |p 0260824 |f SE | |
| 852 | 8 | |b CARM |h A2:AP21F0 |i C07660 |p 0260825 |f SE | |
| 852 | 8 | |b CARM |h A2:AP07F0 |i C07646 |p 0260855 |f SE | |
| 852 | 8 | |b CARM |h A2:AQ19F0 |i C07730 |p 0261530 |f SE | |
| 866 | 0 | |a 1(1950)-108(1987) Inc. | |
| 866 | 0 | |a 1(1950)-108(1987) Inc. | |
| 999 | f | f | |i 6d44abfe-da18-59c5-8af0-270640bbea93 |s ffa48c6e-218f-517e-a6e0-8db864edeb1e |
| 952 | f | f | |p Can circulate |a CAVAL |b CAVAL |c CAVAL |d CARM 1 Store |e C07592 |f A2:AQ01D0 |h Other scheme |i book |k 51(1973)-53(1974);57(1975)-60(1976);65(1977)-87(1982);91(1983)-93(1984) |m 0260696 |
| 952 | f | f | |p Can circulate |a CAVAL |b CAVAL |c CAVAL |d CARM 1 Store |e C07660 |f A2:AP21F0 |h Other scheme |i book |k 1(1950)-6(1953);13(1958)-25(1965);27(1966)-30(1967) |m 0260825 |
| 952 | f | f | |p Can circulate |a CAVAL |b CAVAL |c CAVAL |d CARM 1 Store |e C07656 |f A2:AP19F0 |h Other scheme |i book |k 26(1966);31(1968)-50(1973);54(1974)-56(1975);61(1976)-64(1976)+Index 41(1971)-70(1978) |m 0260824 |
| 952 | f | f | |p Can circulate |a CAVAL |b CAVAL |c CAVAL |d CARM 1 Store |e C07646 |f A2:AP07F0 |h Other scheme |i book |k 88(1982)-90(1983);94(1984)-108(1987) |m 0260855 |
| 952 | f | f | |p Can circulate |a CAVAL |b CAVAL |c CAVAL |d CARM 1 Store |e C07730 |f A2:AQ19F0 |h Other scheme |i book |k 7(1954)-12(1957) |m 0261530 |